|
|
|
|
| LEADER |
00000nam a2200000Ii 4500 |
| 001 |
DIGUNAU0230 |
| 003 |
NyNyDIG |
| 006 |
m o d |
| 007 |
cr ||||||||||| |
| 008 |
230830s2020 ck o 000 f spa d |
| 035 |
|
|
|a (OCoLC)1395571074
|
| 040 |
|
|
|a DGITA
|b eng
|e rda
|e pn
|c DGITA
|
| 020 |
|
|
|z 9789585495401
|
| 043 |
|
|
|a s-ck---
|
| 050 |
1 |
4 |
|a PQ8180.1.L9 ebook
|
| 100 |
1 |
|
|a Álvarez Gardeazábal, Gustavo,
|e author.
|
| 245 |
1 |
0 |
|a Los sordos ya no hablan :
|b antes de que mitificaran a Omaira /
|c Gustavo Álvarez Gardeazábal.
|
| 264 |
|
1 |
|a Medellín :
|b Ediciones UNAULA,
|c [2020]
|
| 300 |
|
|
|a 1 online resource.
|
| 336 |
|
|
|a text
|b txt
|2 rdacontent
|
| 337 |
|
|
|a computer
|b c
|2 rdamedia
|
| 338 |
|
|
|a online resource
|b cr
|2 rdacarrier
|
| 347 |
|
|
|a text file
|2 rdaft
|
| 347 |
|
|
|b PDF
|
| 490 |
1 |
|
|a Biblioteca Gardeazábal
|
| 500 |
|
|
|a Subtitle taken from cover.
|
| 588 |
0 |
|
|a Online resource; title from PDF title page (Digitalia, viewed August 30, 2023)
|
| 650 |
|
0 |
|a Avalanches
|z Colombia
|z Armero
|v Fiction.
|
| 655 |
|
7 |
|a Social problem fiction.
|2 lcgft
|
| 655 |
|
7 |
|a Fiction.
|2 lcgft
|
| 791 |
2 |
|
|a Digitalia (Firm),
|e distributor.
|
| 793 |
0 |
|
|g Digitalia eBook Collection:
|a Ediciones UNAULA
|
| 776 |
0 |
8 |
|i Print version:
|a Álvarez Gardeazábal, Gustavo.
|t Sordos ya no hablan.
|b Cuarta edición.
|d Medellín : Ediciones UNAULA, 2020
|z 9789585495401
|
| 830 |
|
0 |
|a Biblioteca Gardeazábal.
|
| 856 |
4 |
0 |
|3 Digitalia Hispánica
|u https://www.digitaliapublishing.com/a/119391/
|
| 910 |
|
|
|a Premium collection: 2023
|